000 01097nam0a22002891 4500
001 rc\3562010
005 20201130182401.0
021 _aRU
_b[76-104141]
035 _a(NLR Aleph) 007797396
090 _a7671931
_c7671931
100 _a20130115d1976 |||y0rusy50 ca
101 0 _arus
102 _aRU
105 _ac z |||||
200 1 _aНовые горизонты якутской литературы
_e[Сборник статей
_fСост. И.Е. Буркова. Г.Г. Окороков
_gПредисл. С.В. Михалкова]
210 _aЯкутск
_cКн. изд-во
_d1976
215 _a248 с.
_cпортр.
_d20
606 _aЯкутская советская литература
_jСборники
_2psbo
702 1 _aОкороков
_bГ. Г.
_4220
702 1 _aБуркова
_bИ. Е.
_4220
702 1 _aМихалков
_bС. В.
_cписатель
_f1913-2009
_gСергей Владимирович
_3RU\NLR\AUTH\7792
_4080
801 0 _aRU
_bNLR
_gpsbo
801 1 _aRU
_bELAR
_2rusmarc
852 _aNLR
_j77-3/4394
942 _cBOOK
980 _aNB